01918nam a22004097a 450000500170000001000590001702000180007603500130009403500140010703500140012103500140013503500140014903700090016308200120017210000190018424500940020325000110029726000410030827000530034930000300040230000320043230000340046430000320049849000550053050500700058565000150065565000210067065000240069170000280071594200260074399900170076995201350078695201410092195201410106295201410120395201640134420240806164024.0 aENG-101305 ENG-138975 ENG-138974 ENG-138973 ENG-141254 c500.00 (EACH) aEN-84838 aEN-124786 aEN-122506 aEN-122505 aEN-122507 bDBAD a347.052 aManohar969636 aThe AIR manual:bUnrepealed central acts (civil and criminal)/cBy Manohar [and] Chitaley a6th ed aNagpurbThe All India Reporterc2004 aPost Box No. 209, Congress NagarbNagpure440012 av.6 (xx,1337p.)c25cm(Hb) av.43 (xvi,1928p.)c25cm(Hb) av.44 (cxxiv,2360p.)c25cm(Hb) av.45 (xx,1337p.)c25cm (Hb) aAIR publicationvVOL6, VOL43, VOL44, VOL45, VOL-42 aV.6- Civil P. C. (1908), Order 18 to Civil P. C. (1908), Order 38 aLaw969637 aCivil law969638 aCriminal law969639 aChitaley916093eAuthor 2ddccENh347.052mMAN c42935d42935 00103V.640718NFICaDBADbDBADd2010-08-23eDBAD/PUBg500.00l0o347.052 MANpEN-84838r2010-08-23 00:00:00t1v500.00yENzV.6 00103VOL 4540718REFaAVbAVd2024-01-23eDBAD/PUBg500.00l0o347.052 MANpEN-122505r2024-01-23 00:00:00t1v500.00w2024-01-23yEN 00103VOL 4340718REFaAVbAVd2024-01-23eDBAD/PUBg500.00l0o347.052 MANpEN-122506r2024-01-23 00:00:00t1v500.00w2024-01-23yEN 00103VOL 4440718REFaAVbAVd2024-01-23eDBAD/PUBg500.00l0o347.052 MANpEN-122507r2024-01-23 00:00:00t1v500.00w2024-01-23yEN 00103VOL 4240708NFICaAVbAVd2024-08-06eDelivery of Books Act Divisiong500.00l0o347.052 MANpEN-124786r2024-08-06 00:00:00t1v500.00w2024-08-06yEN